Konstruktivní geometrie /

Enregistré dans:
Détails bibliographiques
Auteur principal: Fabiánová, Hana (Auteur)
Format: Livre
Langue:tchèque
Publié: Liberec : VŠST, 1992
Édition:2.upr.vyd.
Sujets:
Tags: Ajouter un tag
Pas de tags, Soyez le premier à ajouter un tag!

MARC

LEADER 00000nam a22000003a 4500
001 stu39981
005 20150617225726.1
008 930324s1992----cs------------------cze-d
020 |a 80-7083-086-7 
040 |a STU  |b slo 
041 0 |a cze 
044 |a cs 
080 |a 514(075.8) 
100 1 |a Fabiánová, Hana  |4 aut 
245 1 |a Konstruktivní geometrie /  |c [aut.]Hana Fabiánová 
250 |a 2.upr.vyd. 
260 |a Liberec :  |b VŠST,  |c 1992 
300 |a 158 s 
650 7 |a geometria konštruktívna  |2 stusub 
996 |b 284M008322  |c M*S-725-1  |l MMKN  |s A  |a 24  |w stu39981_0001